Statistics for Departures Television Series Locations

Click here to take the quiz!

General Stats

  • This quiz has been taken 2 times
  • The average score is 33 of 42

Answer Stats

Season:Episode:Country:% Correct
~16Australia
100%
~4Brazil
100%
~3Brazil
100%
~12Cambodia
100%
~13Canada
100%
11Canada
100%
~12Chile
100%
~11Chile
100%
~7Ecuador
100%
~15Indonesia
100%
~14Indonesia
100%
~7Japan
100%
~6Japan
100%
~2Jordan
100%
~10Madagascar
100%
~6Mongolia
100%
~7Mongolia
100%
21Morocco
100%
~9New Zealand
100%
~10New Zealand
100%
~2Russia
100%
31Russia
100%
~10Rwanda
100%
~3Sri Lanka
100%
~11Thailand
100%
~4Vietnam
100%
~13Antarctica
50%
~5Ascension Island
50%
~8Cook Islands
50%
~5Cuba
50%
~8Ethiopia
50%
~9Ethiopia
50%
~8Iceland
50%
~3India
50%
~4India
50%
~2Libya
50%
~12North Korea
50%
~13North Korea
50%
~9Zambia
50%
~11Greenland
0%
~5Papua New Guinea
0%
~6Papua New Guinea
0%

Score Distribution

Percentile by Number Answered

Percent of People with Each Score

Your Score History

You have not taken this quiz